000 00988nac a22002897a 4500
001 BR8501995
003 BR-BrBNA
005 20240105120306.0
008 230509b bl.|||m| |||| 00| 0 por d
040 _aBR-BrBNA
_bpor
_cBiblioteca Nacional de Agricultura
072 _aF01
090 _a1900 BR8501995
100 1 _aAragao, W.M.
100 1 _aAlmeida, S.A.
100 1 _aSobral, L.F.
110 1 _aUnidade de Execucao de Pesquisa de Ambito Estadual de Aracaju, SE (Brasil)
_910344
245 1 _aIntroducao e avaliacao de gramineas e leguminosas forrageiras na zona oeste, Sergipe [Brasil]
260 3 _aAracaju, SE (Brasil):
_c1984.
300 _a5 p.
490 _aPesquisa em Andamento - Unidade de Execucao de Pesquisa de Ambito Estadual de Aracaju (Brazil)
_vno. 28
_xISSN 0101-7357
650 _aGRAMINEA
650 _aLEGUMINOSA FORRAGEIRA
650 _aPLANTIO
650 _aSERGIPE
909 _a202312
_bLúcia Elande
_c55
_dLúcia Elande
942 _2AGRIS
_n0
_cMS
999 _c278711
_d278711